| 000 | 00368nam a2200169Ia 4500 | ||
|---|---|---|---|
| 001 | 19752 | ||
| 003 | IN-NITTTR | ||
| 005 | 20251114233227.0 | ||
| 008 | 251113s9999||||xx |||||||||||||| ||eng|| | ||
| 040 | _beng | ||
| 040 | _cIN-NITTTR | ||
| 041 | _aeng | ||
| 082 | _a823 R895G | ||
| 100 | _aRushdie, Salman | ||
| 245 | 0 |
_aGrimus / _cRushdie, Salman |
|
| 942 |
_2ddc _cBK |
||
| 999 |
_c22386 _d22386 |
||